000 01339cab a22002295a 4500
001 L143717
008 080528e20080524xxk f 000 0 eng d
035 _a(Sirsi) u143717
041 0 _aeng
100 1 _aCartwright, Cassandra
245 0 0 _aRecovery position
260 _c2008
490 _aEstates Gazette
_v(0820) 24 May 2008, 130-131(2)
520 _aSecond of two articles considers the merits of including a non-invalidation clause in commercial property insurance policies. Such a clause adds to the insurance cost and covers landlords against unwitting invalidation of their policy. Tenants whose landlords hold this clause may seek to protect themselves from action by insurance companies by requesting a waiver of subrogation letter. Examines the doctrine of frustration's application to properties destroyed by fire. Considers who should insure when sale contracts are exchanged. Questions whether landlords can retain earned commission when arranging insurance, and relevant RICS codes. Also considers new and changing risks. (See L143479.)
590 _aKA
650 2 4 _aMARK ROWLANDS LTD V BERNI INNS LTD
650 2 4 _aNATIONAL CARRIERS LTD V PANALPINA (NORTHERN) LTD
650 2 4 _aLAW OF PROPERTY ACT 1925 S47
651 4 _aUnited Kingdom
_y
690 _aMANAGEMENT-BUSINESS MANAGEMENT-INSURANCE
942 _n0
999 _c80255
_d80255